000 01268nam0a22002531 4500
001 rc\2348953
005 20250622234256.0
035 _a(NLR Aleph) 006476423
090 _a5988473
_c5988473
100 _a20110829d1977 |||y0rusy50 ca
101 0 _arus
102 _aRU
105 _ay z |||||
200 1 _aСледствие единого закона структурообразования
210 _aЛенинград
_cВысш. воен-мор. инж. уч-ще им. Ф.Э. Дзержинского
_d1977
700 1 _aГерловин
_bИ.Л.
_f1919-1993
_gИлья Львович
701 1 _7ca
_8rus
_aПротодьяконов
_bМ. М.
_cмл.
_cд-р техн. наук, горные машины
_f1911-1987
_gМихаил Михайлович
_9237037
_3RU\NLR\AUTH\770237093
801 0 _aRU
_bNLR
_gpsbo
801 1 _aRU
_bELAR
_2rusmarc
830 _aИсточник: И.Л. Герловин. Исходная парадигма, основы и области практического использования единой теории фундаментального поля - ТПФ.: Уч. пос. Л.: ЛПИ, 1988, с. 107, № 88. Шифр: 89-3/3382
852 _aNLR
_jDesideratum
942 _cBOOK
980 _aNB